| 000 | 00374nam a2200157 a 4500 | ||
|---|---|---|---|
| 008 | 190603s2011|||| d | ||
| 245 | 1 | 0 | _aNávod na šťastný život |
| 260 |
_bOTTOVO NAKLADATELSTVI _aPraha _c2011 |
||
| 958 | _aA | ||
| 100 | 1 | _aVitale Joe | |
| 250 | _a1. vydanie | ||
| 300 | _a184 s. | ||
| 020 |
_a9788073609832 _c0 |
||
| 041 | _acze | ||
| 044 | _aCZ | ||
| 999 |
_c20767 _d20767 |
||